01120nam a2200265Ia 4500003000900000008004100009020001800050040001600068080002300084111007900107245023000186260004200416300001600458650004100474650002600515650001900541650003400560650002700594700003300621700003400654700003400688942000700722999001500729952011000744IN-BaIIA211028s9999 xx 000 0 eng d a90-277-1920-9 cIIA Library a082.2:52bIAU-S106 aInternational Astronomical Unionc Netherlandsd1983 May 30-June 3914231 4aThe milky way galaxybproceedings of the 106th Symposium of the International Astronomical Union held in Groningen, the Netherlands, 30 May-3 June, 1983cedited by  Hugo van Woerden ,  Ronald J. Allen and  W.B. Burton aDordrechtbD. Reidel Publishingc1985 axxiv, 660p. aAstronomy and Astrophysics Thesaurus aGalactic center92909 aGalaxies91286 aLocal group of Galaxies91288 aMilky way galaxy91167 aAllen, Ronald J., ed.914232 aButler, Burton W., ed.914233 aVan Woerden, Hugo,. ed.95345 cBK c8494d8494 00104070aBANbBANcGENd1985-10-14l0o082.2:52/ IAU-S106p9359r2021-11-05w1985-10-14yBKGDFL 22.50